[Event "WCh Women 2015"]
[Site "Sochi RUS"]
[Date "2015.03.18"]
[Round "1.2"]
[Board "20"]
[White "Paehtz, Elisabeth"]
[Black "Arabidze, Meri"]
[Result "1/2-1/2"]
[WhiteTitle "IM"]
[BlackTitle "IM"]
[WhiteElo "2479"]
[BlackElo "2374"]
[WhiteFideId "4641833"]
[BlackFideId "13604040"]
[EventDate "2015.03.17"]

1. d4 Nf6 2. c4 e6 3. Nc3 Bb4 4. e3 c5 5. Ne2 cxd4 6. exd4 d5 7. c5 Ne4 8. Bd2
Nxd2 9. Qxd2 Nc6 10. a3 Ba5 11. b4 Bc7 12. g3 h5 13. h4 O-O 14. Bg2 Qf6 15. O-O
Rd8 16. Rad1 Ne7 17. Nc1 e5 18. Nb5 Bb8 19. dxe5 Bxe5 20. Nd3 a6 21. Nxe5 1/2-1/2

[Event "WCh Women 2015"]
[Site "Sochi RUS"]
[Date "2015.03.19"]
[Round "1.3"]
[Board "6"]
[White "Paehtz, Elisabeth"]
[Black "Arabidze, Meri"]
[Result "1/2-1/2"]
[WhiteTitle "IM"]
[BlackTitle "IM"]
[WhiteElo "2479"]
[BlackElo "2374"]
[WhiteFideId "4641833"]
[BlackFideId "13604040"]
[EventDate "2015.03.17"]

1. d4 Nf6 2. c4 e6 3. Nc3 Bb4 4. e3 c5 5. Ne2 cxd4 6. exd4 d5 7. c5 Ne4 8. Bd2
Nxd2 9. Qxd2 O-O 10. a3 Ba5 11. b4 Bc7 12. g3 b6 13. Bg2 bxc5 14. dxc5 Nc6 15.
O-O Be5 16. Rad1 Rb8 17. Rfe1 Ba6 18. Nf4 Bc4 19. Nd3 Bxc3 20. Qxc3 a5 1/2-1/2

[Event "WCh Women 2015"]
[Site "Sochi RUS"]
[Date "2015.03.19"]
[Round "1.8"]
[Board "2"]
[White "Goryachkina, Aleksandra"]
[Black "Mkrtchian, Lilit"]
[Result "1-0"]
[WhiteTitle "WGM"]
[BlackTitle "IM"]
[WhiteElo "2456"]
[BlackElo "2443"]
[WhiteFideId "4147103"]
[BlackFideId "13300601"]
[EventDate "2015.03.17"]

1. d4 Nf6 2. c4 e6 3. g3 d5 4. Bg2 Bb4+ 5. Nd2 O-O 6. Nf3 dxc4 7. Qc2 c5 8. dxc5
Qe7 9. Qxc4 Nc6 10. a3 Bxc5 11. O-O e5 12. b4 Bd4 13. Nxd4 Nxd4 14. Bb2 Be6 15.
Qc5 Nxe2+ 16. Kh1 Qxc5 17. bxc5 Rad8 18. Rad1 Nd7 19. Ne4 f6 20. Rfe1 Nd4 21.
Bxd4 exd4 22. Rxd4 Ne5 23. Nd6 Bc8 24. Rdd1 Nf7 25. Nxb7 Rde8 26. c6 Ne5 27. f4
Nc4 28. Bd5+ 1-0

[Event "WCh Women 2015"]
[Site "Sochi RUS"]
[Date "2015.03.19"]
[Round "1.9"]
[Board "2"]
[White "Goryachkina, Aleksandra"]
[Black "Mkrtchian, Lilit"]
[Result "1-0"]
[WhiteTitle "WGM"]
[BlackTitle "IM"]
[WhiteElo "2456"]
[BlackElo "2443"]
[WhiteFideId "4147103"]
[BlackFideId "13300601"]
[EventDate "2015.03.17"]

1. d4 Nf6 2. c4 e6 3. g3 d5 4. Bg2 Bb4+ 5. Nd2 O-O 6. Nf3 dxc4 7. Qc2 c5 8. dxc5
Qe7 9. O-O Nc6 10. Nxc4 Bxc5 11. Nce5 Nxe5 12. Nxe5 Bd6 13. Nc4 Bc5 14. Bf4 Nd5
15. Rac1 Nxf4 16. gxf4 Rb8 17. Ne5 Bb6 18. Rfd1 f6 19. Nc4 Bc7 20. e3 b5 21. Nd2
Bb6 22. Qb3 Bb7 23. Bxb7 Rxb7 24. Ne4 a6 25. f5 Re8 26. Nd6 Rbb8 27. Nxe8 Rxe8
28. Qxe6+ Qxe6 29. fxe6 Rxe6 30. Rd7 f5 31. Rc8+ 1-0

[Event "WCh Women 2015"]
[Site "Sochi RUS"]
[Date "2015.03.23"]
[Round "3.1"]
[Board "4"]
[White "Arabidze, Meri"]
[Black "Cmilyte, Viktorija"]
[Result "1/2-1/2"]
[WhiteTitle "IM"]
[BlackTitle "GM"]
[WhiteElo "2374"]
[BlackElo "2530"]
[WhiteFideId "13604040"]
[BlackFideId "12801259"]
[EventDate "2015.03.17"]

1. d4 Nf6 2. c4 c5 3. d5 b5 4. cxb5 a6 5. bxa6 g6 6. Nc3 Bg7 7. e4 O-O 8. Bd3
Qa5 9. a7 Na6 10. Ne2 Nb4 11. Bb1 d6 12. O-O Qxa7 13. Nb5 Qb6 14. a4 Ba6 15.
Nec3 Ne8 16. Re1 Nc7 17. Na3 Bd4 18. Be3 e6 19. a5 Qa7 20. dxe6 fxe6 21. Qd2 Nc6
22. Nc2 Rf7 23. Ra4 Raf8 24. Nxd4 cxd4 25. Rxd4 Nxd4 26. Bxd4 Qb7 27. Ba2 Re8
28. Bb6 Qc6 29. Rc1 Na8 30. Bd4 Qb7 31. f4 Qb4 32. Rd1 Bc4 33. Bxc4 Qxc4 34. Be3
Rd7 35. Qd4 Qb3 36. Qa4 Qxa4 37. Nxa4 Rb8 38. Nb6 Nxb6 39. Bxb6 Kf7 40. Kf2 Ke7
41. b4 Rdb7 42. e5 Rxb6 43. axb6 dxe5 44. fxe5 Rxb6 45. Rd4 Rb5 46. Re4 Kd7 1/2-1/2